Estatísticas para Cultura Geral

Clique aqui para jogar o quiz

Estatísticas Gerais

  • Esse quiz foi jogado 19 vezes
  • A pontuação média é 5 de 15

Estatísticas das Respostas

HintResposta% Correto
Qual é o nome dos "sensores" que se estendem da cabeça de um inseto?Antenas
88%
O que uma lagarta se torna dentro de um casulo?Borboleta
88%
Em que país nasceu Oprah Winfrey?Estados Unidos
71%
Que inseto causou a maioria das mortes humanas?Mosquito
53%
Qual empresa fabrica o Viagra?Pfizer
41%
Que inseto se acredita ter espalhado a Peste Negra?Pulga
41%
Completa o título da música "Total ______ of the Heart"Eclipse
35%
Em que país os escaravelhos eram considerados sagrados?Egito
35%
A que musical pertence a música "Don't cry for me, Argentina" ?Evita
29%
Quem foi a 47ª primeira-dama dos Estados Unidos da América?Melania Trump
18%
Em que país nasceu Carolina Herrera?Venezuela
18%
Completa o título da música "Walk like an ________"Egyptian
12%
Que parte do corpo de um inseto fica entre a cabeça e o abdómen?Tórax
6%
Completa o título da música"_______ Love"Endless
0%
Em que país podemos encontrar a cidade Novo Mesto?Eslovénia
0%

Distribuição das Pontuações

Percentil de Números Respondidos

Porcentagem de Pessoas com Cada Pontuação

Sua Pontuação Histórica

Você não jogou esse quiz